[Event "Marianske Lazne op Seniors"]
[Site "Marianske Lazne"]
[Date "2020.01.21"]
[Round "4"]
[White "Krueger, Peter"]
[Black "Prachar, Josef"]
[Result "1-0"]
[WhiteElo "1776"]
[BlackElo "1770"]
[PlyCount "39"]
[EventDate "2020.01.18"]
[EventType "swiss"]
[EventRounds "9"]
[EventCountry "CZE"]
[SourceTitle "EXT 2022"]
[Source "ChessBase"]
[SourceDate "2021.10.06"]
[SourceVersion "1"]
[SourceVersionDate "2021.10.06"]
[SourceQuality "1"]

1. e4 c5 2. Nf3 Nf6 3. Bc4 e6 4. 0-0 a6 5. d4 cxd4 6. Nxd4 d6 7. Nc3 Nc6 8. Bg5 Be7 9. a4 0-0 10. Kh1 Qc7 11. Ba2 Bd7 12. f4 Nxd4 13. Qxd4 Bc6 14. Rae1 h6 15. Bh4 Rad8 16. h3 Nh5 17. Qf2 Nf6 18. f5 e5 19. g4 g5 20. fxg6 1-0

[Event "MVP-ch Seniors op 19th"]
[Site "Ostseebad Binz"]
[Date "2019.12.02"]
[Round "6"]
[White "Krueger, Peter"]
[Black "Farel, Edgard"]
[Result "1/2-1/2"]
[WhiteElo "1818"]
[BlackElo "1609"]
[PlyCount "83"]
[EventDate "2019.11.27"]
[EventType "swiss"]
[EventRounds "9"]
[EventCountry "GER"]
[SourceTitle "EXT 2021"]
[Source "ChessBase"]
[SourceDate "2020.10.23"]
[SourceVersion "1"]
[SourceVersionDate "2020.10.23"]
[SourceQuality "1"]

1. d4 Nf6 2. c4 g6 3. Nc3 Bg7 4. e4 d6 5. Be2 0-0 6. Nf3 Nbd7 7. 0-0 e5 8. dxe5 dxe5 9. Qc2 c6 10. Bg5 h6 11. Bd2 Qe7 12. a3 a5 13. Rfd1 Nh5 14. Qc1 Kh7 15. Ne1 Nhf6 16. Be3 Nc5 17. Qc2 Be6 18. Rd2 Rfd8 19. Rad1 Rd7 20. Rxd7 Ncxd7 21. h3 Bf8 22. Rd2 Nc5 23. Nf3 Qc7 24. b3 Be7 25. Qb1 Ncd7 26. Ra2 Nh5 27. Nh2 Nhf6 28. Qc1 Ng8 29. Nf3 Qd8 30. Rd2 Qf8 31. a4 Qg7 32. Ne1 f5 33. exf5 gxf5 34. f4 e4 35. Bd4 Bc5 36. Nc2 Ngf6 37. Bxc5 Nxc5 38. Nd4 Rg8 39. Bf1 Bc8 40. Qe1 Qg3 41. Qxg3 Rxg3 42. Nce2 1/2-1/2

[Event "MVP-ch Seniors op 18th"]
[Site "Ostseebad Binz"]
[Date "2018.12.06"]
[Round "9"]
[White "Krueger, Peter"]
[Black "Tubis, Reiner"]
[Result "1/2-1/2"]
[WhiteElo "1815"]
[BlackElo "1887"]
[PlyCount "34"]
[EventDate "2018.11.28"]
[EventType "swiss"]
[EventRounds "9"]
[EventCountry "GER"]
[SourceTitle "CBM 188 Extra"]
[Source "ChessBase"]
[SourceDate "2019.02.26"]
[SourceVersion "1"]
[SourceVersionDate "2019.02.26"]
[SourceQuality "1"]

1. d4 d5 2. c4 Nc6 3. cxd5 Qxd5 4. Nf3 e5 5. Nc3 Bb4 6. e3 Bg4 7. Be2 Bxc3+ 8. bxc3 e4 9. Nd2 Bxe2 10. Qxe2 f5 11. Qc4 Nge7 12. Ba3 Qxc4 13. Nxc4 Nd5 14. Kd2 b5 15. Nb2 Na5 16. Bc5 Kd7 17. Kc2 Rhe8 1/2-1/2

[Event "MVP-ch Seniors op 18th"]
[Site "Ostseebad Binz"]
[Date "2018.12.02"]
[Round "5"]
[White "Helm, Helga"]
[Black "Krueger, Peter"]
[Result "1/2-1/2"]
[WhiteElo "1663"]
[BlackElo "1815"]
[PlyCount "63"]
[EventDate "2018.11.28"]
[EventType "swiss"]
[EventRounds "9"]
[EventCountry "GER"]
[SourceTitle "CBM 188 Extra"]
[Source "ChessBase"]
[SourceDate "2019.02.26"]
[SourceVersion "1"]
[SourceVersionDate "2019.02.26"]
[SourceQuality "1"]

1. e4 c5 2. Nf3 d6 3. Nc3 Nf6 4. d3 Nc6 5. Be2 e6 6. 0-0 Be7 7. Bg5 h6 8. Bd2 a6 9. a3 0-0 10. Rb1 b5 11. Na2 Bb7 12. Bc3 Nd7 13. Re1 Bf6 14. Bxf6 Nxf6 15. b4 Rc8 16. Qd2 Qe7 17. Red1 Rfd8 18. c3 Qc7 19. Qe1 Qe7 20. Bf1 Rd7 21. Rb2 Rdc7 22. Rbd2 cxb4 23. cxb4 Nd8 24. Rc1 Rxc1 25. Nxc1 Rc3 26. Ra2 Qc7 27. Ra1 Kf8 28. Na2 Rc2 29. Rc1 Ke7 30. Nd4 Rxc1 31. Qxc1 Qxc1 32. Nxc1 1/2-1/2

[Event "MVP-ch Seniors op 17th"]
[Site "Binz"]
[Date "2017.12.06"]
[Round "8.48"]
[White "Aigner, Georg"]
[Black "Krueger, Peter"]
[Result "0-1"]
[WhiteElo "1875"]
[BlackElo "1797"]
[PlyCount "87"]
[EventDate "2017.11.29"]
[EventType "swiss"]
[EventRounds "9"]
[EventCountry "GER"]
[SourceTitle "EXT 2019"]
[Source "ChessBase"]
[SourceDate "2018.10.10"]
[SourceVersion "1"]
[SourceVersionDate "2018.10.10"]
[SourceQuality "1"]

1. e4 e5 2. Nf3 d6 3. d4 exd4 4. Nxd4 Nf6 5. Nc3 Be7 6. Bd3 Bd7 7. Nf5 0-0 8. 0-0 Re8 9. Bg5 Bxf5 10. exf5 d5 11. Qf3 c6 12. Rfe1 h6 13. Bd2 Bd6 14. Rxe8+ Qxe8 15. Re1 Qf8 16. Ne2 Nbd7 17. Nf4 Ne5 18. Qh3 Nxd3 19. cxd3 Bxf4 20. Bxf4 Re8 21. Rxe8 Qxe8 22. Qe3 Qxe3 23. fxe3 Kf8 24. Bd6+ Ke8 25. h3 h5 26. Kf2 Kd7 27. Bf8 g6 28. fxg6 fxg6 29. Kf3 Ke6 30. Kf4 Nh7 31. h4 Nxf8 32. e4 dxe4 33. dxe4 Nd7 34. Kg5 Kf7 35. g3 a5 36. g4 hxg4 37. Kxg4 Kf6 38. Kf4 b5 39. a3 c5 40. b3 c4 41. bxc4 bxc4 42. Kf3 Ke5 43. Ke3 Nc5 44. Kd2 0-1

[Event "MVP-ch Seniors op 17th"]
[Site "Binz"]
[Date "2017.12.01"]
[Round "3.68"]
[White "Krueger, Peter"]
[Black "Scholz, Jutta"]
[Result "1-0"]
[WhiteElo "1797"]
[BlackElo "1607"]
[PlyCount "35"]
[EventDate "2017.11.29"]
[EventType "swiss"]
[EventRounds "9"]
[EventCountry "GER"]
[SourceTitle "EXT 2019"]
[Source "ChessBase"]
[SourceDate "2018.10.10"]
[SourceVersion "1"]
[SourceVersionDate "2018.10.10"]
[SourceQuality "1"]

1. d4 Nf6 2. c4 g6 3. Nc3 Bg7 4. e4 d6 5. Be2 0-0 6. h3 e5 7. dxe5 dxe5 8. Be3 Qe7 9. Qc2 c6 10. Nf3 Na6 11. Rd1 Nc7 12. 0-0 h6 13. Na4 Nd7 14. a3 b5 15. cxb5 Nxb5 16. Qxc6 Rb8 17. Bxb5 Nf6 18. Bc5 1-0

[Event "MVP-ch Seniors op 17th"]
[Site "Binz"]
[Date "2017.11.30"]
[Round "2.43"]
[White "Manthey, Juergen"]
[Black "Krueger, Peter"]
[Result "1-0"]
[WhiteElo "2045"]
[BlackElo "1797"]
[PlyCount "69"]
[EventDate "2017.11.29"]
[EventType "swiss"]
[EventRounds "9"]
[EventCountry "GER"]
[SourceTitle "EXT 2019"]
[Source "ChessBase"]
[SourceDate "2018.10.10"]
[SourceVersion "1"]
[SourceVersionDate "2018.10.10"]
[SourceQuality "1"]

1. c4 c5 2. Nc3 Nf6 3. g3 g6 4. Bg2 Bg7 5. e4 Nc6 6. Nge2 d6 7. d3 0-0 8. 0-0 Ne8 9. Be3 e5 10. Qd2 Nd4 11. f4 f6 12. h3 Nc7 13. Rab1 Bd7 14. b4 b6 15. Kh2 Nc6 16. a3 Rb8 17. fxe5 fxe5 18. Nd5 Nxd5 19. exd5 Nd4 20. Nc3 Qe7 21. Bg5 Bf6 22. Bxf6 Rxf6 23. Qg5 Rbf8 24. Ne4 R6f7 25. Qxe7 Rxe7 26. Rxf8+ Kxf8 27. Nxd6 Bf5 28. Be4 Bxe4 29. dxe4 cxb4 30. axb4 Rd7 31. c5 a5 32. Nc4 axb4 33. Nxb6 Rc7 34. Rxb4 Rxc5 35. Nd7+ 1-0

[Event "MVP-ch Seniors op 17th"]
[Site "Binz"]
[Date "2017.11.29"]
[Round "1.23"]
[White "Krueger, Peter"]
[Black "Pape, Manfred"]
[Result "1/2-1/2"]
[WhiteElo "1797"]
[BlackElo "2052"]
[PlyCount "44"]
[EventDate "2017.11.29"]
[EventType "swiss"]
[EventRounds "9"]
[EventCountry "GER"]
[SourceTitle "EXT 2019"]
[Source "ChessBase"]
[SourceDate "2018.10.10"]
[SourceVersion "1"]
[SourceVersionDate "2018.10.10"]
[SourceQuality "1"]

1. d4 Nf6 2. c4 g6 3. Nc3 Bg7 4. e4 d6 5. Be2 0-0 6. Nf3 Nc6 7. h3 h6 8. Bf4 Nh5 9. Bh2 e5 10. dxe5 dxe5 11. Nd5 Re8 12. 0-0 a5 13. a3 a4 14. Qc2 Bd7 15. Rad1 Na5 16. Qc3 c6 17. Ne3 Nf4 18. Rfe1 Qe7 19. Bf1 Nb3 20. Nc2 Nd4 21. Ncxd4 exd4 22. Nxd4 Ne6 1/2-1/2

[Event "Miedzyzdroje OB Seniors 24th"]
[Site "Miedzyzdroje"]
[Date "2016.06.24"]
[Round "8"]
[White "Triegel, Rudi"]
[Black "Krueger, Peter"]
[Result "1/2-1/2"]
[WhiteElo "1687"]
[BlackElo "1802"]
[PlyCount "61"]
[EventDate "2016.06.17"]
[EventType "swiss"]
[EventRounds "9"]
[EventCountry "POL"]
[SourceTitle "EXT 2019"]
[Source "ChessBase"]
[SourceDate "2018.10.10"]
[SourceVersion "1"]
[SourceVersionDate "2018.10.10"]
[SourceQuality "1"]

1. e4 e5 2. Nf3 d6 3. Nc3 Nf6 4. b3 a6 5. d3 h6 6. h3 Be7 7. Be2 Nc6 8. d4 exd4 9. Nxd4 Bd7 10. 0-0 0-0 11. Re1 Nxd4 12. Qxd4 Bc6 13. Bf3 Nd7 14. Nd5 Bxd5 15. Qxd5 Bf6 16. Rb1 Ne5 17. Qd1 Re8 18. Bb2 Ng6 19. e5 Bxe5 20. Bxb7 Rb8 21. Bxa6 Bxb2 22. Rxb2 Rxe1+ 23. Qxe1 Qf6 24. Rb1 Qg5 25. Qe3 Qf6 26. Kf1 Kf8 27. Bd3 Re8 28. Re1 Rb8 29. Qa7 Qd8 30. Qe3 Qf6 31. Qe4 1/2-1/2

[Event "Miedzyzdroje OB Seniors 24th"]
[Site "Miedzyzdroje"]
[Date "2016.06.21"]
[Round "5"]
[White "Krueger, Peter"]
[Black "Grunewald, Peter"]
[Result "1/2-1/2"]
[WhiteElo "1802"]
[BlackElo "1886"]
[PlyCount "49"]
[EventDate "2016.06.17"]
[EventType "swiss"]
[EventRounds "9"]
[EventCountry "POL"]
[SourceTitle "EXT 2019"]
[Source "ChessBase"]
[SourceDate "2018.10.10"]
[SourceVersion "1"]
[SourceVersionDate "2018.10.10"]
[SourceQuality "1"]

1. d4 d5 2. c4 c6 3. Nc3 Nf6 4. Nf3 e6 5. Bg5 Be7 6. e3 0-0 7. c5 b6 8. b4 Ne4 9. Bxe7 Qxe7 10. Nxe4 dxe4 11. Nd2 f5 12. Be2 e5 13. dxe5 bxc5 14. bxc5 Qxe5 15. Nb3 Be6 16. Rc1 Nd7 17. Bc4 Rad8 18. Qc2 Nf6 19. 0-0 Kh8 20. Bxe6 Qxe6 21. Nd4 Qd7 22. Rfd1 Nd5 23. Qa4 Rc8 24. h3 Rfe8 25. Nc2 1/2-1/2

[Event "Miedzyzdroje OB Seniors 24th"]
[Site "Miedzyzdroje"]
[Date "2016.06.17"]
[Round "1"]
[White "Krueger, Peter"]
[Black "Heimann, Manfred"]
[Result "1/2-1/2"]
[WhiteElo "1802"]
[BlackElo "1202"]
[PlyCount "40"]
[EventDate "2016.06.17"]
[EventType "swiss"]
[EventRounds "9"]
[EventCountry "POL"]
[SourceTitle "EXT 2019"]
[Source "ChessBase"]
[SourceDate "2018.10.10"]
[SourceVersion "1"]
[SourceVersionDate "2018.10.10"]
[SourceQuality "1"]

1. d4 e6 2. c4 c5 3. Nf3 h6 4. g3 Nf6 5. Nc3 d5 6. cxd5 Nxd5 7. e3 Nxc3 8. bxc3 cxd4 9. cxd4 Nc6 10. Be2 Be7 11. 0-0 0-0 12. e4 a6 13. Be3 b5 14. Qb3 Bb7 15. Rfd1 Na5 16. Qb1 Rc8 17. Nd2 f5 18. exf5 exf5 19. f3 Nc4 20. Bxc4+ Rxc4 1/2-1/2

[Event "Berlin-ch Seniors op 32nd"]
[Site "Berlin"]
[Date "2016.01.30"]
[Round "5"]
[White "Bauder, Herbert"]
[Black "Krueger, Peter"]
[Result "1/2-1/2"]
[WhiteElo "1897"]
[BlackElo "1777"]
[PlyCount "55"]
[EventDate "2016.01.26"]
[EventType "swiss"]
[EventRounds "9"]
[EventCountry "GER"]
[SourceTitle "EXT 2019"]
[Source "ChessBase"]
[SourceDate "2018.10.10"]
[SourceVersion "1"]
[SourceVersionDate "2018.10.10"]
[SourceQuality "1"]

1. d4 d5 2. Nf3 Nf6 3. c4 e6 4. Nc3 Be7 5. Bg5 h6 6. Bh4 a6 7. e3 Nbd7 8. Bd3 0-0 9. cxd5 exd5 10. 0-0 c5 11. dxc5 Nxc5 12. Be2 Be6 13. Rc1 Nce4 14. Bxf6 Bxf6 15. Nd4 Nxc3 16. Rxc3 Rc8 17. Rxc8 Qxc8 18. Qd2 Qd7 19. Rc1 Rc8 20. Rxc8+ Qxc8 21. h3 Qc5 22. Nb3 Qb6 23. Bf3 Qc7 24. Nd4 Qc5 25. Nb3 Qc7 26. Nd4 Qc5 27. Ne2 Be5 28. Nd4 1/2-1/2

[Event "Berlin-ch Seniors op 32nd"]
[Site "Berlin"]
[Date "2016.01.28"]
[Round "3"]
[White "Ebert, Lothar"]
[Black "Krueger, Peter"]
[Result "0-1"]
[WhiteElo "1667"]
[BlackElo "1777"]
[PlyCount "96"]
[EventDate "2016.01.26"]
[EventType "swiss"]
[EventRounds "9"]
[EventCountry "GER"]
[SourceTitle "EXT 2019"]
[Source "ChessBase"]
[SourceDate "2018.10.10"]
[SourceVersion "1"]
[SourceVersionDate "2018.10.10"]
[SourceQuality "1"]

1. e4 e5 2. Nf3 Nc6 3. Nc3 d6 4. h3 Be7 5. Bc4 Nf6 6. a3 a6 7. d3 h6 8. Bd5 Nxd5 9. Nxd5 Be6 10. Nxe7 Qxe7 11. c4 f5 12. exf5 Bxf5 13. Be3 Be6 14. Rc1 0-0 15. 0-0 Qf6 16. Nd2 Qg6 17. Kh2 Qxd3 18. Rc3 Qg6 19. Qc2 Bf5 20. Qd1 Rad8 21. Nf3 Be4 22. Ne1 Ne7 23. f3 Bc6 24. Bf2 e4 25. Bh4 Rde8 26. Bxe7 Rxe7 27. Re3 Ref7 28. b4 Qg5 29. Qe2 Kh8 30. g3 exf3 31. Nxf3 Bxf3 32. Rexf3 Rxf3 33. Rxf3 Rxf3 34. Qxf3 Qd2+ 35. Kh1 Qc1+ 36. Kh2 Qxc4 37. Qxb7 c6 38. Qb8+ Kh7 39. Qxd6 Qa2+ 40. Kh1 Qxa3 41. Kg2 a5 42. Qxc6 Qb2+ 43. Kf3 Qb3+ 44. Kf4 Qf7+ 45. Ke3 axb4 46. Qe4+ Qg6 47. Kd3 Qxe4+ 48. Kxe4 Kg6 0-1

[Event "Berlin-ch Seniors op 32nd"]
[Site "Berlin"]
[Date "2016.01.27"]
[Round "2"]
[White "Krueger, Peter"]
[Black "Tuertmann, Dieter"]
[Result "0-1"]
[WhiteElo "1777"]
[BlackElo "2015"]
[PlyCount "134"]
[EventDate "2016.01.26"]
[EventType "swiss"]
[EventRounds "9"]
[EventCountry "GER"]
[SourceTitle "EXT 2019"]
[Source "ChessBase"]
[SourceDate "2018.10.10"]
[SourceVersion "1"]
[SourceVersionDate "2018.10.10"]
[SourceQuality "1"]

1. d4 e6 2. c4 c5 3. e3 Nf6 4. Nf3 b6 5. Be2 Bb7 6. Nc3 Be7 7. 0-0 0-0 8. Ne5 d6 9. Bf3 Bxf3 10. Nxf3 a6 11. dxc5 bxc5 12. e4 Nc6 13. h3 Qc7 14. Bf4 Rfd8 15. Qe2 Nd4 16. Qd1 Nxf3+ 17. Qxf3 Nd7 18. Rfd1 Nb6 19. Qe2 Bf6 20. Rac1 Bd4 21. b3 e5 22. Bg5 Re8 23. Kh1 f6 24. Be3 Qf7 25. g4 g5 26. Kg2 Kg7 27. Rh1 Rh8 28. Qd2 h5 29. f3 Qe7 30. Ne2 h4 31. Nc3 Kg6 32. Qd3 Rhb8 33. Rb1 Bxc3 34. Qxc3 Qe6 35. Rhd1 a5 36. Qd3 Nc8 37. Qc2 Rb7 38. Rb2 Qe8 39. Bd2 Qc6 40. a4 Rba7 41. Rdb1 Ra6 42. Bc1 Qc7 43. Bd2 Ne7 44. Bc3 Kg7 45. Bd2 Nc6 46. Bc3 Rb8 47. Qd1 Kf7 48. Kf2 Ke7 49. Ke2 Nd8 50. Qc2 Ne6 51. Rh1 Rba8 52. Kf2 Qd7 53. Bd2 Nd4 54. Qc3 Rb8 55. Be3 Nc6 56. Rhb1 Rab6 57. Rd1 Qe6 58. Rdb1 Ra6 59. Ke2 Nd4+ 60. Bxd4 exd4 61. Qd3 Qe5 62. Rh1 Rb4 63. Kf2 Rab6 64. Ke2 Rxa4 65. Rf1 Ra3 66. Qc2 a4 67. bxa4 d3+ 0-1

[Event "Miedzyzdroje OB Seniors 23rd"]
[Site "Miedzyzdroje"]
[Date "2015.06.21"]
[Round "4"]
[White "Scheide, Helmut"]
[Black "Krueger, Peter"]
[Result "1-0"]
[WhiteElo "1949"]
[BlackElo "1761"]
[PlyCount "47"]
[EventDate "2015.06.17"]
[EventType "swiss"]
[EventRounds "8"]
[EventCountry "POL"]
[SourceTitle "EXT 2018"]
[Source "ChessBase"]
[SourceDate "2017.10.13"]
[SourceVersion "1"]
[SourceVersionDate "2017.10.13"]
[SourceQuality "1"]

1. Nf3 Nf6 2. d4 d5 3. c4 e6 4. e3 c6 5. Bd3 Bd6 6. Nc3 Nbd7 7. e4 dxe4 8. Nxe4 Nxe4 9. Bxe4 Nf6 10. Bc2 0-0 11. 0-0 Re8 12. Re1 c5 13. Be3 cxd4 14. Bxd4 Be7 15. Qd3 b6 16. Ne5 Bb7 17. Rad1 g6 18. Qh3 Qc7 19. Ba4 Red8 20. Nxf7 Kxf7 21. Qxe6+ Kf8 22. Bxf6 Bxf6 23. Qxf6+ Kg8 24. Re7 1-0

[Event "Miedzyzdroje OB Seniors 23rd"]
[Site "Miedzyzdroje"]
[Date "2015.06.18"]
[Round "2"]
[White "Kirmas, Joachim"]
[Black "Krueger, Peter"]
[Result "1/2-1/2"]
[WhiteElo "2022"]
[BlackElo "1761"]
[PlyCount "42"]
[EventDate "2015.06.17"]
[EventType "swiss"]
[EventRounds "8"]
[EventCountry "POL"]
[SourceTitle "EXT 2018"]
[Source "ChessBase"]
[SourceDate "2017.10.13"]
[SourceVersion "1"]
[SourceVersionDate "2017.10.13"]
[SourceQuality "1"]

1. e4 c5 2. Nf3 d6 3. Bb5+ Nd7 4. d4 cxd4 5. Qxd4 a6 6. Bxd7+ Bxd7 7. 0-0 Bc6 8. c4 Nf6 9. Nc3 e6 10. Bg5 Be7 11. Rad1 0-0 12. e5 dxe5 13. Nxe5 Rc8 14. b3 h6 15. Qe3 Qa5 16. Nxc6 Rxc6 17. Bxf6 Bxf6 18. Ne4 Be7 19. Rd7 Rc7 20. Rxc7 Qxc7 21. Rd1 Rd8 1/2-1/2